| 000 | 00584nam a2200157Ia 4500 | ||
|---|---|---|---|
| 008 | 210719s2004 xx 000 0 und d | ||
| 041 | _akan | ||
| 082 | _a225K RABY | ||
| 100 | _aRABART PAUL | ||
| 245 |
_aYEsu dEvaputra _bSamadrasTi shubhasandEshagaLa hinnele hAgU mArkana shubhasandEshada vIkshaka vivaraNe mattu vimarshe |
||
| 260 |
_aBengaLUru _c2004 |
||
| 300 |
_axviii,251 _bPB |
||
| 650 | _aBible | ||
| 650 | _aChristianity | ||
| 906 | _adEvaputra ; hAgU ; hinnele ; mArkana ; mattu ; SamadrasTi ; shubhasandEshada ; shubhasandEshagaLa ; vIkshaka ; vimarshe ; vivaraNe ; YEsu | ||
| 999 |
_c215268 _d215268 |
||